Builders in the Sun : Five Mexican Architects /

Guardado en:
Detalles Bibliográficos
Autor principal: Smith, Clive Bamford (autor)
Otros autores: Villagrán García, José (prólogo) (prólogo)
Formato: Libro
Idioma:Inglés
Publicado: Nueva York, EUA : Architectural Book Publishing, 1967, c1967
Etiquetas: Agrega una etiqueta
Sin etiquetas, Sé el primero en etiquetar este registro!

MARC

LEADER 00000nam^a2200000^a^4500
001 000583027
005 20250526000000.0
009 20260310132642.949
037 |a Acervo ITESO - Biblioteca 
041 |a ING 
091 |a FCO. 00166 
100 |a Smith, Clive Bamford  |e (autor) 
245 1 0 |a Builders in the Sun :  |b Five Mexican Architects / 
264 4 |a Nueva York, EUA :  |b Architectural Book Publishing,  |c 1967, c1967 
300 |a 224 p. ;  |c 28.0 cm. 
336 |a texto  |b txt  |2 rdacontenido 
337 |a sin mediación  |b n  |2 rdamedio 
338 |a volumen  |b nc  |2 rdasoporte 
649 |a XX 
700 |a Villagrán García, José  |e (prólogo) 
910 |a Fondo Erich Coufal Kieswetter 
920 |a Impresos - Libros 
930 |a Libros Antiguos y Raros 
905 |a 142 
901 |a 0500411717  |b IT2  |c LRA  |i D  |u 20250526 
902 |a https://opac.biblio.iteso.mx/vufind/Record/000583027